| 000 | 00750pam a2200229 a 4500 | ||
|---|---|---|---|
| 001 | 4870064 | ||
| 005 | 20171214044219.0 | ||
| 008 | 920925s1993 nju b 001 0 eng | ||
| 010 | _a 92033412 | ||
| 020 | _a0805803475 | ||
| 040 |
_aDLC _cDLC _dDLC |
||
| 041 | _aeng | ||
| 080 | _a306.89 GUT | ||
| 082 | 0 | 0 |
_a306.89 GUT _220 |
| 100 | 1 | _a48 | |
| 101 | _aPSI | ||
| 245 | 1 | 0 |
_aDivorce in psychosocial perspective : _cby Joseph Guttmann. |
| 504 | _aIncludes bibliographical references (p. 202-231) and indexes. | ||
| 906 |
_a7 _bcbc _corignew _d1 _eocip _f19 _gy-gencatlg |
||
| 942 |
_2ddc _cBK |
||
| 999 |
_c38921 _d38921 |
||